00000000nam##2200000za#4500
0019.578077
003CaOODSP
00520210624185921
007cr |||||||||||
008150406|1984||||xxc|||||o    f|0| 0 eng|d
022 |a1488-5379
040 |aCaOODSP|beng
043 |an-cn---
0861 |aFs97-6/1284E-PDF
1101 |aCanada. |bDepartment of Fisheries and Oceans.
24510|aEffects of wood waste on the recruitment potential of marine benthic communities / |h[electronic resource]|cby R.D. Kathman, S.F. Cross, and M. Waldichuk.
260 |aWest Vancouver - British Columbia : |bFisheries and Oceans Canada |c1984.
300 |a56p.|bfigs., references
4901 |aCanadian technical report of fisheries and aquatic sciences|x1488-5379|vNo. 1284
500 |aOn t.p.: West Vancouver Laboratory, West Vancouver, British Columbia. The catalogue number and ISSN for the print edition appear in the PDF version.
546 |a(Résumé en français)
590 |a13-28-Supp|b2013-12-09
7201 |aCross, S. F.
7201 |aKathman, R. D.
7201 |aWaldichuk, M.
830#0|aCanadian technical report of fisheries and aquatic sciences,|x1488-5379|vNo. 1284|w(CaOODSP)9.504449
85640|ahttp://publications.gc.ca|qPDF|s2266 KB|uhttps://publications.gc.ca/collections/collection_2013/mpo-dfo/Fs97-6-1284-eng.pdf|yNo. 1284